000 02093nam0a2200361 i 4500
001 RU\NLR\bibl\1899340
005 20260407225910.0
010 _a9785911550219
_9500
021 _aRU
_b2012-26766
_91996
035 _a(nilc)RSL-KNO-005425372
035 _a(NLR Aleph) 001888981
090 _a2893659
_c2893659
100 _a20120423d2012 u a0rusy50 ca
101 0 _arus
102 _aRU
105 _aa |||||||||
200 1 _aФинляндия - экономический партнер России
_eинформационно-аналитический справочник
_fМ-во экономического развития Российской Федерации, Торговое представительство Российской Федерации в Финляндии
_g[В. А. Шлямин и др.]
210 _aСанкт-Петербург
_cИздательско-полиграфическая ассоциация ун-тов России
_d2012
215 _a198 с.
_cцв. ил.
_d22
607 _aРоссийская Федерация
_jСправочники
_xЭкономические взаимоотношения
_yФинляндия
_92447445
_3RU\NLR\auth\661455463
607 _aФинляндия
_jСправочники
_xЭкономические взаимоотношения
_yРоссийская Федерация
_92447443
_3RU\NLR\auth\661455461
686 _aУ9(4Фн)я2
_2rubbk
686 _aУ9(4Фн)89(2)я2
686 _aУ9(2)8(2Р)я2
702 1 _4220
_7ca
_8rus
_aШлямин
_bВ. А.
_cд-р экон. наук
_f1952-
_gВалерий Александрович
_955055
_3RU\NLR\auth\7772127
712 0 1 _4570
_aРоссийская Федерация
_bМинистерство экономического развития
_bТорговое представительство в Финляндии
_9804845
_3RU\NLR\AUTH\8810154760
801 0 _aRU
_bRuMoRKP
_c20120423
_grcr
801 1 _aRU
_bРГБ
_c20120423
801 2 _aRU
_bNLR
_c20120503
_grcr
942 _cBOOK
980 _aNBR